1749 1612 1702 1024 1191 1739 1309 1159 1773 1760 1027 1228 1062 1052 1227 1790 1267 1727 1960 1495 1227 1548 1584 1726 1065 1966 1309 1985 1183 1826 1806 1386 1016 1041 1865 1127 1770 1628 1383 1709 1839 1541 1868 1521 1564 1461 1962 1442 1961 1955 1019 1918 1758 1141 1900 1589 1524 1888 1657 1442 1754 1591 1750 1693 1517 1536 1730 1324 2000 1627 1316 1638 1346 1231 1934 1223 1576 1403 1847 1037 1744 1899 1027 1960 1690 1927 1803 1846 1089 1151 1751 1711 1187 1653 1208 1396 1264 1425 1518 BCNSPRNW ULIB Ver.6.0+V

เปลี่ยนเป็นภาษาไทย

Change to English
 แสดงรายละเอียดบรรณานุกรม
  กลับหน้าหลัก

Brief Record : Get Marc (ISO 2709) : E-mail record : QR code < ปิดหน้าต่าง
LEADER : 00000nam 2200000uu 4500
001    13399107684
003     ULIB
008    110120s2552th 000 0 tha d
020    9789741111404
060 04 WY154.5^bย442ก 2552
245 00 การดูแลแผลกดทับ :^bศาสตร์และศิลปะทางการพยาบาล /^cบรรณาธิการ, ยุวดี เกตสัมพันธ์ ... [และคนอื่นๆ]
250    พิมพ์ครั้งที่ 1
260    กรุงเทพฯ :^bงานพัฒนาคุณภาพการพยาบาล ฝ่ายการพยาบาลโรงพยาบาลศิริราช,^c2552
300    [6], 211 หน้า :^bภาพประกอบ ;^c26 ซม.
650  7 การดูแล
650  7 การพยาบาล
650  7 ผู้ป่วย, การดูแล
650  7 แผลกดทับ
700 0  ยุวดี เกตสัมพันธ์,^eบรรณาธิการ
700 0  อัญชนา ท้วมเพิ่มผล,^eบรรณาธิการ
700 0  นภาพร อภิรดีวจีเศรษฐ์,^eบรรณาธิการ
700 0  จุฬาพร ประสังสิต,^eบรรณาธิการ
710 2  โรงพยาบาลศิริราช. ^bฝ่ายการพยาบาล.^bงานพัฒนาคุณภาพการพยาบาล
945    ^p250^l0^i025994
945    ^p250^l0^i025995
945    ^p250^l0^i025993
945    ^p250^l0^i028741
945    ^p250^l0^i028740
945    ^p250^l0^i027489
945    ^p250^l0^i026975
945    ^p250^l0^i026973
945    ^p250^l0^i029354
945    ^p250^l0^i029353
945    ^p250^l0^i029352
945    ^p250^l0^i028742
945    ^p250^l0^i026974
995    เกษร
999 ^a ใช้งานได้ทุกระบบ
รายการนี้ยังไม่มีแท็ก
คุณยังไม่ได้ล็อกอิน คุณสามารถมีกิจกรรมร่วมกับเว็บไซต์ได้ แต่ต้องล็อกอินก่อน ::
  ล็อกอิน

รายการสื่อสารสนเทศ

ลำดับที่ ประเภท เลขเรียก/บาร์โค้ด สถานที่ สถานะ
- ไม่พบข้อมูล -

รายการใกล้เคียง
    หัวเรื่อง [การดูแล]
    หัวเรื่อง [การพยาบาล]
    หัวเรื่อง [ผู้ป่วย, การดูแล]
    หัวเรื่อง [แผลกดทับ]

BibComment


ยังไม่เคยถูกคอมเมนท์

คอมเมนท์ทรัพยากรรายการนี้
  คอมเมนท์: การดูแลแผลกดทับ ..


 Copyright 2026. Bcnsprnw @Library